000 01327nam a2200217Ia 4500
003 Ost
005 20260507075037.0
008 260507s9999||||xx |||||||||||||| ||und||
040 _cfsecg
041 _aara
082 _a330
100 _aحسين، أحمد حسين علي
_eمؤلف
245 0 _aمقدمة في :
_bمحاسبة التكاليف الصناعية /
_c أحمد حسين علي حسين
260 _aالاسكندرية:
_bالدار الجامعية,
_c2003
300 _a416 صفحة؛
_bإيضاحات ؛
_c24 سم
504 _aببلوغرافيا ص.415
520 _aأهداف ومصطلحات ومفاهيم محاسبة التكاليف-قياس التكلفة لأغراض التسعير وتحديد تكلفة الإنتاج-نظام تكاليف المراحل-نظام تكاليف الأوامر-معدل تحميل للشركة ككل-معدلات تحميل للأقسام-معدلات تحميل الأنشطة-قياس التكلفة لأغراض ضبط ورقابة عناصر التكاليف-ضبط ورقابة المواد المباشرة والأجور المباشرة-ضبط ورقابة عناصر المصاريف الصناعية غير المباشرة
653 _aالتكاليف الصناعية
653 _aمحاسبة التكاليف
942 _cكتاب
999 _c42469
_d42469